Normal view
MARC view
Entry Nombre personal
001 - NÚMERO DE CONTROL
- campo de control: 84870
003 - IDENTIFICADOR DEL NÚMERO DE CONTROL
- campo de control: DO-SdBNP
005 - FECHA Y HORA DE LA ÚLTIMA TRANSACCIÓN
- campo de control: 20240207104908.0
008 - DATOS DE LONGITUD FIJA
- campo de control de longitud fija: 240207|| aca||aabn | a|a d
040 ## - FUENTE DE LA CATALOGACIÓN
- Centro catalogador/agencia de origen: DO-SdBNP
- Centro/agencia transcriptor: DO-SdBNP
100 ## - ENCABEZAMIENTO-NOMBRE DE PERSONA
- Nombre de persona: Des Combes, Jacot
670 ## - FUENTE DE DATOS ENCONTRADOS
- Cita de la fuente: Work cat.: (DO-SdBNP)15763: Lugo, Américo, 1870-1952 6625, Defensa leída ante la Suprema Corte de Justicia de la República en representación de los Sres. Montandon, Des Combes & Ca. ; Recurso en casación en materia civil por ante la Suprema Corte de Justicia de la República en sus atribuciones de Corte de Casación , promovido contra la Sentencia de la Corte de Apelación de Santo Domingo (Antigua Suprema Corte) de fecha 21 de marzo de 1906, por los Señores H. Jacot Des Combes y Montandon, Des Combes y Cª : representados por sus abogados contituidos Licenciados, Américo Lugo, Pelegrin Castillo. -- Defensa del Señor Enrique Jacot Des Combes en la nueva acción judicial sobre el caso de los Señores Montandon Des Combres & CO. contra Carlos Russ-Suchard leida por su abogado constituido Lic. Pelegrin Castillo; sentencia del juez de primera instancia del Distrito Judicial de Samana: breve resumen historico de esta litis, por el Señor Jacot Des Combres /, 1905-1914
